| 000 | 00518nam a2200181Ia 4500 | ||
|---|---|---|---|
| 003 | OSt | ||
| 005 | 20201023123727.0 | ||
| 008 | 190216s9999||||xx |||||||||||||| ||und|| | ||
| 020 | _a8185418888 | ||
| 040 | _coclc | ||
| 082 |
_a934 _bMUR/T |
||
| 100 |
_aMurty, K Satya _96087 |
||
| 245 | 0 |
_aTextbook Of Indian Epigraphy / _cK Satya Murty |
|
| 260 |
_bLow Price Publications, _c1992. _aNew Delhi: |
||
| 300 | _a199p | ||
| 650 | _aEnglish Literature | ||
| 942 |
_cBK _2ddc _h934 _iMUR/T _k934 _mMUR/T |
||
| 999 |
_c13894 _d13894 |
||